000 00337nam a2200133 i 4500
001 bg
100 1 _aHulboj, Stanisław
_d(1942- ).
245 0 _aOstrzenie i pomiary narzędzi skrawających /
_cS. Hulboj.
260 _aCzęstochowa,
_c1990.
040 _cBPK
041 _apol
942 _cKS
008 s pl f |000 0 pol
999 _c4330
_d4330
856 _uhttp://koha.tu.koszalin.pl/cgi-bin/koha/opac-detail.pl?biblionumber=4330
_yKatalog online BPK